1053 1259 1793 1639 1185 1352 1384 1821 1640 1911 1275 1653 1772 1364 1043 1949 1152 1072 1729 1055 1366 1105 1184 1413 1386 1597 1360 1104 1524 1661 1669 1665 1819 1766 1448 1461 1229 1565 1491 1238 1303 1539 1086 1795 1110 1177 1064 1601 1579 1429 1187 1842 1456 1831 1385 1825 1906 1351 1006 1601 1600 1897 1620 1548 1864 1225 1868 1468 1473 1270 1368 1547 1459 1264 1043 1584 1644 1307 1979 1462 1832 1894 1754 1022 1661 1085 1389 1302 1531 1314 1432 1216 1379 1339 1379 1199 1488 1911 1454 BCNSPRNW ULIB Ver.6.0+V

เปลี่ยนเป็นภาษาไทย

Change to English
 แสดงรายละเอียดบรรณานุกรม
  กลับหน้าหลัก

Brief Record : Get Marc (ISO 2709) : E-mail record : QR code < ปิดหน้าต่าง
LEADER : 00000nam 2200000uu 4500
001    13399120772
003     ULIB
008    020711sมปป. th a 000 0 tha d
020    9749462211
090    นว.^bร111ร
100    รวมนักขียน
245    รักเท่าที่เห็นและเป็นอยู่/^cรวมนักขียน
260     ^bม.ป.ท.,^cม.ป.ป.
945    ^p0^l0^i24563
999    ^aทศพร เกษรทอง
รายการนี้ยังไม่มีแท็ก
คุณยังไม่ได้ล็อกอิน คุณสามารถมีกิจกรรมร่วมกับเว็บไซต์ได้ แต่ต้องล็อกอินก่อน ::
  ล็อกอิน

รายการสื่อสารสนเทศ

ลำดับที่ ประเภท เลขเรียก/บาร์โค้ด สถานที่ สถานะ
1. นวนิยาย
นวนิยาย
นว. ร111ร  
  Barcode: 24563
ห้องสมุดวิทยาเขตสวรรค์ประชารักษ์
►หนังสือทั่วไป
บนชั้น

BibComment


ยังไม่เคยถูกคอมเมนท์

คอมเมนท์ทรัพยากรรายการนี้
  คอมเมนท์: รักเท่าที่เห็นและ..


 Copyright 2026. Bcnsprnw @Library